Exploračné metódy a možnosti využitia na diagnostika komunikačných zručností manažérov v slovenských podnikoch

Na minha lista:
Detalhes bibliográficos
Autor principal: Juriková, Benita, 1973-
Formato: Capítulo de Livro
Idioma:eslovaco
Tags: Adicionar Tag
Sem tags, seja o primeiro a adicionar uma tag!

MARC

LEADER 00000naa$a2200000$$$4500
001 0061849
005 20240502071710.1
041 0 |a slo 
044 |a SK 
245 1 0 |a Exploračné metódy a možnosti využitia na diagnostika komunikačných zručností manažérov v slovenských podnikoch  |c Benita Juriková 
100 1 |a Juriková, Benita, 1973-